| 000 | 01012nam a2200301 i 4500 | ||
|---|---|---|---|
| 001 | 11179 | ||
| 003 | KOSZ 005 | ||
| 005 | 20220118112101.0 | ||
| 008 | 090114s1959 pl f 000 0 pol | ||
| 015 | _aPB 1959/4637 | ||
| 040 |
_aWA N _cKOSZ 005/RW _dKOSZ 005/RW _dKOSZ 005/HR |
||
| 046 | _k1959 | ||
| 080 | _a528.3/.4 | ||
| 080 | _a(083) | ||
| 100 | 1 |
_aKłopociński, Wacław _eAutor |
|
| 245 | 1 | 0 |
_aTablice tachimetryczne 400g / _cWacław Kłopociński. |
| 260 |
_aWarszawa : _bPaństwowe Przedsiębiorstwo Wydawnictw Kartograficznych, _c1959. |
||
| 300 |
_a193, [3] s. ; _c34 cm. |
||
| 380 | _aKsiążki. | ||
| 388 | _a1901-2000 | ||
| 650 | 4 | _aTachimetria | |
| 658 | _aGeografia i nauki o Ziemi | ||
| 650 | 4 | _aGeodezja | |
| 655 | 4 | _aTablice i wzory | |
| 710 | 2 |
_aPaństwowe Przedsiębiorstwo Wydawnictw Kartograficznych _4pbl. |
|
| 856 |
_uhttp://koha.tu.koszalin.pl/cgi-bin/koha/opac-detail.pl?biblionumber=11179 _yKatalog online BPK |
||
| 942 |
_2UKD _cKS |
||
| 999 |
_c11179 _d11179 |
||